000 00383nam a22001577a 4500
999 _c8653
_d8653
003 OSt
008 200618b ||||| |||| 00| 0 eng d
020 _a9780333519547
100 _aWilliam Kemp
245 _aOrganic Spectroscopy
250 _a3rd
260 _aNew Delhi
_bPalgrave Macmillan
_c2016
300 _a393
650 _aPharmaceutical Organic Chemisty
942 _2ddc
_cBK